The last person to hear your voice
Wedi'i Gadw mewn:
| Prif Awdur: | |
|---|---|
| Fformat: | Llyfr |
| Iaith: | Undetermined |
| Cyhoeddwyd: |
Pittsburgh, Pa.
University of Pittsburgh Press
2007
|
| Pynciau: | |
| Tagiau: |
Ychwanegu Tag
Dim Tagiau, Byddwch y cyntaf i dagio'r cofnod hwn!
|
| Thư viện lưu trữ: | Trung tâm Học liệu Trường Đại học Cần Thơ |
|---|
| LEADER | 00533nam a2200193Ia 4500 | ||
|---|---|---|---|
| 001 | CTU_172812 | ||
| 008 | 210402s9999 xx 000 0 und d | ||
| 020 | |c 15.5 | ||
| 082 | |a 811 | ||
| 082 | |b S544 | ||
| 100 | |a Shelton, Richard | ||
| 245 | 4 | |a The last person to hear your voice | |
| 245 | 0 | |c Richard Shelton | |
| 260 | |a Pittsburgh, Pa. | ||
| 260 | |b University of Pittsburgh Press | ||
| 260 | |c 2007 | ||
| 650 | |a American poetry.,Thơ Mỹ | ||
| 904 | |i Tuyến | ||
| 980 | |a Trung tâm Học liệu Trường Đại học Cần Thơ | ||